00974nam a2200241 i 4500003000900000005001700009007000300026008004100029040003000070082002200100100002900122245014100151264006500292300004900357336002700406337003400433338002800467500010900495650003100604650003400635650002600669700003700695DO-SdBNP20240305073656.0ta110413s1973 dr ab 000 0 spa d aDO-SdBNPbspacBNPHUerda a370.11bD671c2221 aDomingo Puello, Magin A.10aCiencias Naturales, curso 1ro.: belementos de ciencias físico - químicas y biológicas /cMagin a. Domingo Puello, Hernan A. Cruz  1aSanto Domingo :bEdiciones Pedagógicas Dominicanas,c1971. a130 páginas bilustraciones, mapasc26 cm. 2rdacontentatextobtxt 2rdamediaasin mediación bn 2rdacarrieravolumenbnc aDe acuerdo al nuevo programa oficial vigente para el primer curso de educación media (plan de reforma) 4aReflexión xFilosofía  4aPsicología del aprendizaje  4aValoresxFilosofía 1 aSilié, Rubén,d1946-eAutor